000 00480cam a22002051 4500
001 sa 64005826
003 DLC
005 20260227112035.0
008 890703s1963 ii 000 0 malo
010 _asa 64005826
035 _a(OCoLC)19958725
040 _aDLC
_cWaU
_dDLC
042 _apremarc
050 0 0 _aPL4718.9.M6
_bO8
100 0 _aMoidu Padiyath,
_d1931-
245 1 0 _aOssāppeṭṭi.
260 _c[1963]
300 _a80 p.
_c18 cm.
500 _aIn Malayalam.
999 _c59345
_d59345